The Concept of Ecologically Oriented Progress and Natural Resource Preservation; IOP Conference Series: Earth and Environmental Science; Vol. 50 : Ecology and safety in the technosphere: current problems and solutions

Xehetasun bibliografikoak
Parent link:IOP Conference Series: Earth and Environmental Science
Vol. 50 : Ecology and safety in the technosphere: current problems and solutions.— 2017.— [012025, 7 p.]
Erakunde egilea: Национальный исследовательский Томский политехнический университет (ТПУ) Институт социально-гуманитарных технологий (ИСГТ) Кафедра экономики (ЭКОН)
Beste egile batzuk: Gasanov M. A. Magerram Ali Ogly, Kolotov K. A., Demidenko K. A., Podgornaya E. A., Kadnikova O. V.
Gaia:Title screen
The most important issue of scientific and technological progress is considering the environment challenges of industrial development. It means that the progress must be ecologically oriented and environmentally friendly. The most adequate concept for the approach to the issue of "man - society – nature" relations is the ontology of the noosphere - the idea of a common space for human beings and nature. It presents an ideal example of an optimistic attitude towards the coordination between accelerating the scientific and technological development and natural resource saving. However, to maintain the balance between human needs and environmental processes determined by this concept, it is essential to include the lean production training into technological development of society.
Hizkuntza:ingelesa
Argitaratua: 2017
Gaiak:
Sarrera elektronikoa:http://dx.doi.org/10.1088/1755-1315/50/1/012025
http://earchive.tpu.ru/handle/11683/37893
Formatua: Baliabide elektronikoa Liburu kapitulua
KOHA link:https://koha.lib.tpu.ru/cgi-bin/koha/opac-detail.pl?biblionumber=653977

MARC

LEADER 00000nla2a2200000 4500
001 653977
005 20231220105154.0
035 |a (RuTPU)RU\TPU\network\19492 
035 |a RU\TPU\network\19489 
090 |a 653977 
100 |a 20170405a2017 k y0engy50 ba 
101 0 |a eng 
105 |a y z 100zy 
135 |a drgn ---uucaa 
181 0 |a i  
182 0 |a b 
200 1 |a The Concept of Ecologically Oriented Progress and Natural Resource Preservation  |f M. A. Gasanov [et al.] 
203 |a Text  |c electronic 
300 |a Title screen 
320 |a [References: 40 tit.] 
330 |a The most important issue of scientific and technological progress is considering the environment challenges of industrial development. It means that the progress must be ecologically oriented and environmentally friendly. The most adequate concept for the approach to the issue of "man - society – nature" relations is the ontology of the noosphere - the idea of a common space for human beings and nature. It presents an ideal example of an optimistic attitude towards the coordination between accelerating the scientific and technological development and natural resource saving. However, to maintain the balance between human needs and environmental processes determined by this concept, it is essential to include the lean production training into technological development of society. 
461 0 |0 (RuTPU)RU\TPU\network\2499  |t IOP Conference Series: Earth and Environmental Science 
463 0 |0 (RuTPU)RU\TPU\network\19469  |t Vol. 50 : Ecology and safety in the technosphere: current problems and solutions  |o All-Russian research-to-practice conference, 17–19 November 2016, Yurga, Russian Federation  |v [012025, 7 p.]  |d 2017 
610 1 |a электронный ресурс 
610 1 |a труды учёных ТПУ 
610 1 |a сохранение 
610 1 |a природные ресурсы 
610 1 |a научно-технический прогресс 
610 1 |a бережливое производство 
701 1 |a Gasanov  |b M. A.  |c Economist  |c Professor of Tomsk Polytechnic University, Doctor of economic sciences (DSc)   |f 1963-  |g Magerram Ali Ogly  |3 (RuTPU)RU\TPU\pers\33508  |9 17176 
701 1 |a Kolotov  |b K. A. 
701 1 |a Demidenko  |b K. A. 
701 1 |a Podgornaya  |b E. A. 
701 1 |a Kadnikova  |b O. V. 
712 0 2 |a Национальный исследовательский Томский политехнический университет (ТПУ)  |b Институт социально-гуманитарных технологий (ИСГТ)  |b Кафедра экономики (ЭКОН)  |3 (RuTPU)RU\TPU\col\18375 
801 2 |a RU  |b 63413507  |c 20170411  |g RCR 
856 4 |u http://dx.doi.org/10.1088/1755-1315/50/1/012025 
856 4 |u http://earchive.tpu.ru/handle/11683/37893 
942 |c CF